| 000 | 00925nam a22002657a 4500 | ||
|---|---|---|---|
| 005 | 20110725121948.0 | ||
| 008 | 110725t xxu||||| |||| 00| 0 eng d | ||
| 010 | _aENG-103118 | ||
| 020 |
_a9788120343597 _c395.00 |
||
| 035 | _aEN-86651 | ||
| 037 | _bDBAD / PUB | ||
| 040 |
_adpl _bEnglish |
||
| 082 | _a515.7222 | ||
| 100 |
_929868 _aStoica, Petre |
||
| 245 |
_aSpectral analysis of signals / _cby Petre Stoica [and] Randolph Moses |
||
| 260 |
_aNew Delhi _bPHI Learning _c2011 |
||
| 270 |
_aM-97, Connaught Circus _bNew Delhi _e110001 |
||
| 300 |
_axxii,452p. _c25cm (pbk) |
||
| 500 | _aIncludes bibliographical references and index | ||
| 650 | _929869 | ||
| 651 | _91549 | ||
| 700 |
_929871 _aMoses, Randolph |
||
| 942 |
_2ddc _cEN _h515.7222 _mSTO |
||
| 999 |
_c54299 _d54299 |
||